Normal view
MARC view
- Tapiero, Charles S
Entry Personal Name
001 - CONTROL NUMBER
- control field: 7677
003 - CONTROL NUMBER IDENTIFIER
- control field: OSt
005 - DATE AND TIME OF LATEST TRANSACTION
- control field: 20250804115312.0
008 - FIXED-LENGTH DATA ELEMENTS
- fixed length control field: 250804|| aca||aabn | a|a d
040 ## - CATALOGING SOURCE
- Original cataloging agency: OSt
- Transcribing agency: OSt
100 ## - HEADING--PERSONAL NAME
- Personal name: Tapiero, Charles S
670 ## - SOURCE DATA FOUND
- Source citation: Work cat.: (OSt)6747: Yaron , Dan . 7676, Operation research in agriculture and water resources / , 1980.
